Sports Quiz

Random Sports or Baseball Quiz

MLB MVP Without a World Series Appearance Quiz Stats

 Plays Quiz Updated Nov 16, 2018

Score 0/28 Timer 04:00
0 Plays Today
Award Year Player % Correct
2015 Washington NationalsBryce Harper
89.8%
2014 Los Angeles AngelsMike Trout
86.9%
2017 Miami MarlinsGiancarlo Stanton
86.7%
2011 Milwaukee BrewersRyan Braun
82.1%
2018 Milwaukee BrewersChristian Yelich
78.8%
2013 Pittsburgh PiratesAndrew McCutchen
76.5%
1997 Seattle MarinersKen Griffey Jr.
74.7%
2009 Minnesota TwinsJoe Mauer
74.3%
2010 Cincinnati RedsJoey Votto
73.5%
2015 Toronto Blue JaysJosh Donaldson
71.5%
1958 Chicago CubsErnie Banks
68.1%
1998 Chicago CubsSammy Sosa
67.8%
1994 Chicago White SoxFrank Thomas
65%
2001 Seattle MarinersIchiro Suzuki
62.7%
Award Year Player % Correct
1987 Chicago CubsAndre Dawson
59.6%
2006 Minnesota TwinsJustin Morneau
58.7%
1984 Chicago CubsRyne Sandberg
57.6%
1998 Texas RangersJuan Gonzalez
55.4%
1985 New York YankeesDon Mattingly
52.3%
2002 Oakland AthleticsMiguel Tejada
49.8%
1983 Atlanta BravesDale Murphy
48.1%
1995 Boston Red SoxMo Vaughn
43.9%
1987 Toronto Blue JaysGeorge Bell
40.4%
1977 Minnesota TwinsRod Carew
37.5%
1971 St. Louis CardinalsJoe Torre
24.3%
1974 Texas RangersJeff Burroughs
22.5%
1972 Chicago White SoxDick Allen
20.3%
1952 Chicago CubsHank Sauer
9.1%

You're not logged in!

Compare scores with friends on all Sporcle quizzes.
OR
Log In

Show Comments

Extras

Top Quizzes Today


Score Distribution

Your Account Isn't Verified!

In order to create a playlist on Sporcle, you need to verify the email address you used during registration. Go to your Sporcle Settings to finish the process.

Report this User

Report this user for behavior that violates our Community Guidelines.

Details: